Pep Guardiola's Most Expensive Signings - Statistics

General Stats
  • This quiz has been taken 1,696 times
    362 since last reset
  • The average score is 12 of 24
Answer Stats
Fee Club (Kit Colour) Player % Correct
64.2M Erling Haaland
92%
100M M Jack Grealish
92%
62.1M M Rúben Dias
76%
62.8M M Rodri
75%
43M M Bernardo Silva
71%
77.5M M Joško Gvardiol
70%
34.9M M Ederson
66%
47.5M M John Stones
66%
M Kyle Walker
63%
55.4M M Jérémy Doku
56%
40.5M M Nathan Aké
56%
60M M Riyad Mahrez
49%
59M M Omar Marmoush
45%
60M M João Cancelo
44%
37M M Leroy Sané
44%
56M B Zlatan Ibrahimović
38%
49.3M M Benjamin Mendy
37%
53M Matheus Nunes
37%
57M M Aymeric Laporte
36%
50M Nico González
28%
45M Kalvin Phillips
22%
34.2M B David Villa
21%
31.5M BM Mario Götze
20%
34M BM Arturo Vidal
7%
No matching quizzes found
Score Distribution
Percent of People with Each Score
Percentile by Number Answered
Your Score History
You have not taken this quiz since the last reset